000 00306nam a22001337a 4500
008 170622b xxu||||| |||| 00| 0 eng d
020 _a9780534083823
041 _aeng
080 _25TH
_a32
100 _a21
101 _aSHP
245 _aCRIMINAL JUSTICE: LAW AND POLITICS
_cCOLE,G.F
942 _2udc
_cBK
999 _c18668
_d18668